Представление документа в формате RUSMARC

Поле Инд. ПП Название Значение
Тип записи a
Библиографический уровень a
001 Контрольный номер RU/REP/BASE/00061097
005 Дата корректировки 20180123095019.3
200 1_ a Заглавие Участники арбитражного процесса по делам о признании и приведении в исполнение решений иностранных судов и арбитражей
f Первые сведения об ответственности Трещева Е.А.
210 1_ a Место издания Краснодар; СПб.
c Издательство Изд-во Р. Асланова Юр. центр Пресс
d Дата издания 2008
330 a Аннотация Заявители и заинтересованные лица: взыскатель, должник, судебный пристав-исполнитель.
463 1 001RU/REP/BASE/00060570
1 2001
a Актуальные проблемы развития судебной системы и системы добровольного и принудительного исполнения решений Конституционного Суда РФ, судов общей юрисдикции, арбитражных, третейских судов и Европейского суда по правам человека
v С. 555-559
1 210
d 2008
610 0_ a Ключевые слова АРБИТРАЖНЫЙ ПРОЦЕСС РФ, УЧАСТНИКИ ПРОЦЕССА, ИНОСТРАННЫЕ СУДЕБНЫЕ РЕШЕНИЯ ПРИЗНАНИЕ ИСПОЛНЕНИЕ
686 v Номер издания LBC/SL-A
2 Код системы rubbk
a Систематический индекс 67.99(2)90
700 _1 a Фамилия Трещева
b Имя Е.А.
852 i Авторский знак А43
j Полочный индекс 67.99(2)90
901 w Контрольный № источника RU/REP/BASE/00060570
t Тип документа a